The Killers' Most Streamed Songs - Statistics

General Stats
  • This quiz has been taken 107 times
    39 since last reset
  • The average score is 9 of 20
Answer Stats
Hint Answer % Correct
3,019,484,104 Mr. Brightside
100%
1,149,564,503 Somebody Told Me
85%
689,164,707 Human
73%
818,277,464 When You Were Young
67%
454,086,577 All These Things That I've Done
61%
156,193,790 Spaceman
61%
106,356,475 Jenny Was A Friend Of Mine
58%
218,509,418 The Man
55%
328,169,601 Read My Mind
52%
237,599,251 Smile Like You Mean It
48%
121,383,761 Runaways
36%
72,216,824 Bones
33%
109,237,123 For Reasons Unknown
27%
86,893,486 Miss Atomic Bomb
27%
61,556,937 A Dustland Fairytale
24%
69,771,686 Here With Me
15%
168,865,049 Shot At The Night
15%
146,517,361 Run For Cover
12%
85,173,160 The Way It Was
12%
133,185,587 Just Another Girl
9%
No matching quizzes found
Score Distribution
Percent of People with Each Score
Percentile by Number Answered
Your Score History
You have not taken this quiz since the last reset